000 01227nam a2200337 i 4500
003 EG-GICUC
005 20260228123251.0
008 260109s1986 ua |||fr|||| 00| 0 ara d
017 _a7447/86
020 _a9770402931
040 _a EG-GICUC
_bara
_c EG-GICUC
_d EG-GICUC
_erda
041 0 _aAra
082 0 4 _221
_a343.83
_bس ي . س
092 0 4 _221
099 _aLaw1 10 343.83 س ي . س 1986
100 0 _aسينوت حليم دوس
_eمؤلف.
245 1 2 _aالسموم بين الطب والقانون /
_cتأليف الدكتور سينوت حليم دوس، مراجع الدكتور عبدالحليم منتصر.
264 1 _aالقاهرة :
_bدار النهضة العربية،
_c1986.
300 _a224 صفحة؛
_c24 سم.
336 _2rda content
_atext
337 _2rda media
_aComputer
338 _2rda carrier
_aOnline Resource
546 _aالنص باللغة العربية
650 1 _aعلم الطب الشرعى
_2qrmak
650 1 _aالقانون الجنائى
_2qrmak
651 1 _2qrmak
700 0 _aعبدالحليم منتصر
_eمراجع.
856 4 0 _uhttps://fll.law.cu.edu.eg/fulltext/bks/B10-07410.pdf
905 _a54
_eYara
942 _2ddc
_cBK
_e21
_n0
999 _c55690
_d55690